[Event "NB I. Charousek csoport"]
[Site "Gyor"]
[Date "2024.02.18"]
[Round "6.6"]
[White "Zoldi, Zoltan"]
[Black "Papp, Gabor Dr"]
[Result "1-0"]
[WhiteElo "2098"]
[BlackElo "2014"]
[PlyCount "69"]
[EventDate "2023.10.08"]
[EventType "team-tourn"]
[EventRounds "11"]
[EventCountry "HUN"]
[Source "chess.hu"]
[WhiteTeam "Gyori Elektromos"]
[BlackTeam "Szechenyi ESE Gyor"]
[WhiteTeamCountry "HUN"]
[BlackTeamCountry "HUN"]

1. Nf3 Nf6 2. c4 e6 3. g3 d5 4. Bg2 c6 5. b3 g6 6. Bb2 Bg7 7. O-O O-O 8. d3 Re8
9. Nbd2 Nbd7 10. Qc2 dxc4 11. Nxc4 Nb6 12. Rfd1 Nfd5 13. Bxg7 Kxg7 14. e4 Ne7
15. d4 Qc7 16. Rac1 Rd8 17. Ne3 Qd7 18. Qb2 f6 19. g4 Qe8 20. h4 h5 21. g5 Qf7
22. gxf6+ Qxf6 23. Ng5 c5 24. Rxc5 Nc6 25. e5 Qf4 26. d5 Qxe5 27. Qxe5+ Nxe5
28. dxe6 Rxd1+ 29. Nxd1 Ng4 30. Rc7+ Kg8 31. Nc3 Nf6 32. Nb5 Ne8 33. Re7 Kf8
34. Rf7+ Kg8 35. Nc7 1-0

[Event "NB I. Charousek csoport"]
[Site "Gyor"]
[Date "2024.02.18"]
[Round "6.7"]
[White "Pram, Imre"]
[Black "Jozsa, Csaba"]
[Result "1/2-1/2"]
[WhiteElo "2035"]
[BlackElo "2145"]
[PlyCount "49"]
[EventDate "2023.10.08"]
[EventType "team-tourn"]
[EventRounds "11"]
[EventCountry "HUN"]
[Source "chess.hu"]
[WhiteTeam "Szechenyi ESE Gyor"]
[BlackTeam "Gyori Elektromos"]
[WhiteTeamCountry "HUN"]
[BlackTeamCountry "HUN"]

1. e4 c5 2. Nf3 d6 3. d4 cxd4 4. Nxd4 Nf6 5. Nc3 a6 6. Be3 e5 7. Nb3 Be6 8. f3
Nbd7 9. Qd2 Be7 10. g4 Rc8 11. O-O-O O-O 12. Kb1 Qc7 13. h4 b5 14. g5 Nh5 15.
Nd5 Bxd5 16. exd5 Ng3 17. Rh2 Nxf1 18. Rxf1 Nb6 19. Bxb6 Qxb6 20. f4 exf4 21.
Qxf4 Rc4 22. Qf3 f5 23. Re1 Bd8 24. Rhe2 Qb7 25. Rh1 1/2-1/2

[Event "NB I. Charousek csoport"]
[Site "Gyor"]
[Date "2024.02.18"]
[Round "6.8"]
[White "Kiss, Balazs"]
[Black "Szabo, Laszlo"]
[Result "1-0"]
[WhiteElo "1944"]
[BlackElo "1995"]
[PlyCount "71"]
[EventDate "2023.10.08"]
[EventType "team-tourn"]
[EventRounds "11"]
[EventCountry "HUN"]
[Source "chess.hu"]
[WhiteTeam "Gyori Elektromos"]
[BlackTeam "Szechenyi ESE Gyor"]
[WhiteTeamCountry "HUN"]
[BlackTeamCountry "HUN"]

1. c4 Nf6 2. Nc3 g6 3. e4 d6 4. d4 Bg7 5. Be2 O-O 6. Be3 Nbd7 7. Qd2 c6 8. h4
Qa5 9. f3 a6 10. g4 b5 11. h5 e5 12. d5 b4 13. Nd1 cxd5 14. cxd5 Nc5 15. Bc4
Bd7 16. b3 Bb5 17. Rc1 Rfc8 18. Nf2 Rab8 19. Ngh3 Bxc4 20. Rxc4 Qb5 21. hxg6
fxg6 22. Bh6 Ncd7 23. Bxg7 Kxg7 24. Rxc8 Rxc8 25. Ng5 Nf8 26. Nd1 Qc5 27. Ne6+
Nxe6 28. Qh6+ Kg8 29. dxe6 Qa7 30. Qd2 Qc5 31. Qg5 Kg7 32. Qh6+ Kg8 33. e7 Qc7
34. g5 Nh5 35. Rxh5 gxh5 36. Qe6+ 1-0

[Event "NB I. Charousek csoport"]
[Site "Gyor"]
[Date "2024.02.18"]
[Round "6.9"]
[White "Kocsis, Tihamer"]
[Black "Papai, Mate"]
[Result "1-0"]
[WhiteElo "1910"]
[BlackElo "1828"]
[PlyCount "89"]
[EventDate "2023.10.08"]
[EventType "team-tourn"]
[EventRounds "11"]
[EventCountry "HUN"]
[Source "chess.hu"]
[WhiteTeam "Szechenyi ESE Gyor"]
[BlackTeam "Gyori Elektromos"]
[WhiteTeamCountry "HUN"]
[BlackTeamCountry "HUN"]

1. e4 c5 2. Nc3 e6 3. f4 Nc6 4. Nf3 d5 5. Bb5 d4 6. Bxc6+ bxc6 7. Nb1 Be7 8. d3
f5 9. e5 Bf8 10. b3 Ne7 11. Nbd2 Nd5 12. Nc4 Nc3 13. Qd2 Ba6 14. Bb2 Bxc4 15.
dxc4 Ne4 16. Qd3 h6 17. Nd2 Qa5 18. Ke2 Qxd2+ 19. Qxd2 Nxd2 20. Kxd2 O-O-O 21.
h4 g6 22. Rag1 Be7 23. g3 Rdg8 24. Ke2 Rh7 25. Rg2 Rhg7 26. g4 fxg4 27. Rxg4 h5
28. Rg2 Kd7 29. Kd3 Ke8 30. c3 Rf8 31. Ke4 dxc3 32. Bxc3 Kf7 33. Rd2 Ke8 34.
Rd3 Rgf7 35. Bd2 Bd8 36. Be3 Bc7 37. Rg1 Rg7 38. Bxc5 Rf5 39. Rgd1 Rgf7 40. Be3
Bb6 41. Rd6 Kf8 42. Bc1 Bf2 43. Rxe6 Bxh4 44. Rxg6 Be7 45. e6 1-0

[Event "NB I. Charousek csoport"]
[Site "Gyor"]
[Date "2024.02.18"]
[Round "6.10"]
[White "Steiner, Botond"]
[Black "Horvath, Laszlo"]
[Result "1/2-1/2"]
[WhiteElo "1862"]
[BlackElo "1849"]
[PlyCount "98"]
[EventDate "2023.10.08"]
[EventType "team-tourn"]
[EventRounds "11"]
[EventCountry "HUN"]
[Source "chess.hu"]
[WhiteTeam "Gyori Elektromos"]
[BlackTeam "Szechenyi ESE Gyor"]
[WhiteTeamCountry "HUN"]
[BlackTeamCountry "HUN"]

1. e4 Nf6 2. e5 Nd5 3. c4 Nb6 4. d4 d6 5. exd6 cxd6 6. Nf3 g6 7. Nc3 Bg7 8. h3
Bf5 9. Bd3 Qd7 10. Be3 Nc6 11. a3 O-O 12. O-O d5 13. c5 Nc4 14. Bxf5 Qxf5 15.
b3 Nxe3 16. fxe3 Qd7 17. b4 Rad8 18. Qb3 e5 19. Rad1 e4 20. Ne1 a6 21. Nc2 Kh8
22. Rf2 f5 23. Rdf1 Rf7 24. Na4 g5 25. Nb6 Qe6 26. a4 f4 27. b5 Ne7 28. exf4 e3
29. Rf3 gxf4 30. Rxf4 Rxf4 31. Rxf4 Nf5 32. Qd3 Rf8 33. g4 e2 34. Rxf5 Rxf5 35.
gxf5 e1=Q+ 36. Nxe1 Qxe1+ 37. Kg2 Qh4 38. Nxd5 Bxd4 39. Qe2 Qg5+ 40. Kh2 Qxf5
41. Qe8+ Kg7 42. Qe7+ Kg8 43. Qd8+ Kg7 44. Qc7+ Kh6 45. Qd6+ Kg7 46. Qg3+ Kf7
47. Qc7+ Kf8 48. Qb8+ Kg7 49. Qg3+ Kf8 1/2-1/2

[Event "NB I. Charousek csoport"]
[Site "Gyor"]
[Date "2024.02.18"]
[Round "6.11"]
[White "Gulacsi, Donat Ferenc"]
[Black "Restar, Laszlo Dr"]
[Result "1/2-1/2"]
[WhiteElo "1858"]
[BlackElo "1770"]
[PlyCount "20"]
[EventDate "2023.10.08"]
[EventType "team-tourn"]
[EventRounds "11"]
[EventCountry "HUN"]
[Source "chess.hu"]
[WhiteTeam "Szechenyi ESE Gyor"]
[BlackTeam "Gyori Elektromos"]
[WhiteTeamCountry "HUN"]
[BlackTeamCountry "HUN"]

1. d4 Nf6 2. Nf3 d5 3. e3 Bf5 4. Be2 e6 5. Nbd2 Bd6 6. b3 Nbd7 7. Bb2 c6 8. Ne5
Qc7 9. f4 Bxe5 10. fxe5 Ne4 1/2-1/2

[Event "NB I. Charousek csoport"]
[Site "Gyor"]
[Date "2024.02.18"]
[Round "6.12"]
[White "Illes-Nagy, Nora"]
[Black "Farkas, Virag"]
[Result "1/2-1/2"]
[WhiteElo "1572"]
[BlackElo "1649"]
[PlyCount "89"]
[EventDate "2023.10.08"]
[EventType "team-tourn"]
[EventRounds "11"]
[EventCountry "HUN"]
[Source "chess.hu"]
[WhiteTeam "Gyori Elektromos"]
[BlackTeam "Szechenyi ESE Gyor"]
[WhiteTeamCountry "HUN"]
[BlackTeamCountry "HUN"]

1. d4 Nf6 2. c4 e5 3. dxe5 Ng4 4. Nf3 Bc5 5. e3 Nc6 6. Be2 O-O 7. O-O Ngxe5 8.
Nxe5 Nxe5 9. a3 a5 10. Nc3 d6 11. Rb1 Be6 12. b3 f5 13. Nd5 Ng6 14. f4 c6 15.
Nc3 Qe7 16. b4 axb4 17. axb4 Ba7 18. Kh1 Kh8 19. b5 Bc5 20. Na4 Ba7 21. b6 Bb8
22. Qc2 Nh4 23. g3 Ng6 24. Rd1 Bd7 25. Nc3 Re8 26. Bh5 Qe6 27. Ne2 c5 28. Rf1
Bc6+ 29. Bf3 Bxf3+ 30. Rxf3 d5 31. cxd5 Qxd5 32. Kg2 Ra2 33. Rb2 Rxb2 34. Qxb2
Qc6 35. Qc2 Ne7 36. Ba3 Nd5 37. Kf2 Nxb6 38. Qxc5 Qxc5 39. Bxc5 Nd7 40. Bb4 Nf6
41. h3 Kg8 42. Nd4 g6 43. Ke2 Kf7 44. Nb5 Ne4 45. Ba5 1/2-1/2

[Event "NB I. Charousek csoport"]
[Site "Zalaegerszeg"]
[Date "2024.02.18"]
[Round "6.1"]
[White "Karsa, Laszlo"]
[Black "Horvath, Adam"]
[Result "1-0"]
[WhiteElo "2316"]
[BlackElo "2447"]
[PlyCount "99"]
[EventDate "2023.10.08"]
[EventType "team-tourn"]
[EventRounds "11"]
[EventCountry "HUN"]
[Source "chess.hu"]
[WhiteTeam "Komloi BSK"]
[BlackTeam "Z.Csuti-Hydrocomp SK"]
[WhiteTeamCountry "HUN"]
[BlackTeamCountry "HUN"]

1. d4 Nf6 2. c4 e6 3. Nc3 Bb4 4. e3 O-O 5. a3 Bxc3+ 6. bxc3 d6 7. Bd3 e5 8. Ne2
e4 9. Bb1 Be6 10. Ng3 Bxc4 11. Nxe4 Nxe4 12. Bxe4 Nc6 13. Rb1 d5 14. Bd3 Na5
15. O-O Bxd3 16. Qxd3 f5 17. f3 b6 18. e4 fxe4 19. fxe4 Rxf1+ 20. Qxf1 dxe4 21.
Qf5 Qf8 22. Qxe4 Re8 23. Qd5+ Qf7 24. Qxf7+ Kxf7 25. Kf2 Ke6 26. Rb5 Rf8+ 27.
Ke2 Rf5 28. Rb4 b5 29. a4 a6 30. axb5 axb5 31. g4 Rd5 32. Bf4 c6 33. Rb1 Rd7
34. Ra1 Nc4 35. Ra8 Kd5 36. Kd3 Nb2+ 37. Kc2 Rf7 38. Rd8+ Kc4 39. Rd6 c5 40.
Bg3 Na4 41. dxc5 Nxc3 42. c6 b4 43. Re6 b3+ 44. Kc1 Rf1+ 45. Re1 Rf8 46. c7 Ra8
47. Re6 Kd5 48. Rd6+ Kc4 49. Rd8 Ne2+ 50. Kd2 1-0

[Event "NB I. Charousek csoport"]
[Site "Zalaegerszeg"]
[Date "2024.02.18"]
[Round "6.4"]
[White "Pogany, Zsombor"]
[Black "Kresz, Adam"]
[Result "1/2-1/2"]
[WhiteElo "2208"]
[BlackElo "2157"]
[PlyCount "71"]
[EventDate "2023.10.08"]
[EventType "team-tourn"]
[EventRounds "11"]
[EventCountry "HUN"]
[Source "chess.hu"]
[WhiteTeam "Z.Csuti-Hydrocomp SK"]
[BlackTeam "Komloi BSK"]
[WhiteTeamCountry "HUN"]
[BlackTeamCountry "HUN"]

1. e4 e6 2. Qe2 c5 3. c3 Nc6 4. Nf3 Be7 5. g3 d5 6. e5 Nh6 7. d3 Nf5 8. Bg2 b6
9. O-O h5 10. h4 Ba6 11. a4 Qd7 12. Na3 Na5 13. Qc2 c4 14. dxc4 Nxc4 15. Nxc4
Bxc4 16. Rd1 Rc8 17. a5 bxa5 18. Rxa5 Bd8 19. Ra1 Bb6 20. Bf4 Qb5 21. Rd2 Bb3
22. Qb1 a5 23. Bh3 Ne7 24. Qe1 d4 25. Nxd4 Bxd4 26. Rxd4 O-O 27. Bf1 Bc4 28.
Bxc4 Rxc4 29. Rxa5 Qxa5 30. Rxc4 Qa2 31. Rd4 Qxb2 32. Bc1 Qa1 33. Bd2 Qb2 34.
Bc1 Qa1 35. Bd2 Qb2 36. Bc1 1/2-1/2

[Event "NB I. Charousek csoport"]
[Site "Zalaegerszeg"]
[Date "2024.02.18"]
[Round "6.5"]
[White "Benedek, Istvan"]
[Black "Csiszar, Zoltan"]
[Result "1/2-1/2"]
[WhiteElo "2124"]
[BlackElo "2257"]
[PlyCount "35"]
[EventDate "2023.10.08"]
[EventType "team-tourn"]
[EventRounds "11"]
[EventCountry "HUN"]
[Source "chess.hu"]
[WhiteTeam "Komloi BSK"]
[BlackTeam "Z.Csuti-Hydrocomp SK"]
[WhiteTeamCountry "HUN"]
[BlackTeamCountry "HUN"]

1. e4 c6 2. d4 d5 3. f3 g6 4. Nc3 Bg7 5. Be3 e6 6. Qd2 b6 7. O-O-O Ba6 8. Bxa6
Nxa6 9. Nge2 Qd7 10. Nf4 O-O-O 11. g4 Kb7 12. h4 Ne7 13. h5 g5 14. Nfe2 h6 15.
Rhf1 dxe4 16. fxe4 f5 17. Qe1 Nc7 18. Bg1 1/2-1/2

[Event "NB I. Charousek csoport"]
[Site "Zalaegerszeg"]
[Date "2024.02.18"]
[Round "6.6"]
[White "Dobos, Jozsef"]
[Black "Kresz, Tamas"]
[Result "1-0"]
[WhiteElo "2225"]
[BlackElo "2145"]
[PlyCount "81"]
[EventDate "2023.10.08"]
[EventType "team-tourn"]
[EventRounds "11"]
[EventCountry "HUN"]
[Source "chess.hu"]
[WhiteTeam "Z.Csuti-Hydrocomp SK"]
[BlackTeam "Komloi BSK"]
[WhiteTeamCountry "HUN"]
[BlackTeamCountry "HUN"]

1. d4 d5 2. Bf4 Nf6 3. e3 e6 4. Nd2 c5 5. c3 Bd6 6. Bg3 Qc7 7. Ngf3 Nbd7 8. Bd3
e5 9. dxe5 Nxe5 10. Nxe5 Bxe5 11. O-O O-O 12. e4 Bxg3 13. hxg3 Bg4 14. Qb1 Rad8
15. exd5 Rxd5 16. Ne4 Nxe4 17. Bxe4 Rh5 18. Re1 f5 19. Bd5+ Kh8 20. c4 f4 21.
Qe4 fxg3 22. f3 Qd6 23. Qe7 Qxe7 24. Rxe7 Bf5 25. Rae1 Bg6 26. Rxb7 Rh2 27.
Rxa7 h5 28. Ra8 Rxa8 29. Bxa8 h4 30. Be4 h3 31. Re2 Bf7 32. b3 Kg8 33. Bf5 hxg2
34. Rxg2 Rh6 35. Rxg3 Ra6 36. Rg2 Bh5 37. Be4 Ra5 38. Rg5 Be8 39. b4 Rxa2 40.
Rxc5 Kf8 41. Rc7 1-0

[Event "NB I. Charousek csoport"]
[Site "Zalaegerszeg"]
[Date "2024.02.18"]
[Round "6.7"]
[White "Solty, Laszlo"]
[Black "Horvath, Sandor"]
[Result "1/2-1/2"]
[WhiteElo "2053"]
[BlackElo "2204"]
[PlyCount "38"]
[EventDate "2023.10.08"]
[EventType "team-tourn"]
[EventRounds "11"]
[EventCountry "HUN"]
[Source "chess.hu"]
[WhiteTeam "Komloi BSK"]
[BlackTeam "Z.Csuti-Hydrocomp SK"]
[WhiteTeamCountry "HUN"]
[BlackTeamCountry "HUN"]

1. e4 c5 2. Nf3 Nc6 3. d4 cxd4 4. Nxd4 Nf6 5. Nc3 e5 6. Ndb5 d6 7. Bg5 a6 8.
Na3 Be6 9. Nc4 Rc8 10. Ne3 Be7 11. Bxf6 Bxf6 12. Bd3 O-O 13. O-O Bg5 14. Ncd5
Bxe3 15. Nxe3 Ne7 16. c4 Qb6 17. b3 Qc5 18. Qd2 g6 19. Kh1 Nc6 1/2-1/2

[Event "NB I. Charousek csoport"]
[Site "Zalaegerszeg"]
[Date "2024.02.18"]
[Round "6.8"]
[White "Farkas, Zsolt"]
[Black "Jaro, Benjamin"]
[Result "0-1"]
[WhiteElo "2144"]
[BlackElo "2011"]
[PlyCount "118"]
[EventDate "2023.10.08"]
[EventType "team-tourn"]
[EventRounds "11"]
[EventCountry "HUN"]
[Source "chess.hu"]
[WhiteTeam "Z.Csuti-Hydrocomp SK"]
[BlackTeam "Komloi BSK"]
[WhiteTeamCountry "HUN"]
[BlackTeamCountry "HUN"]

1. e4 c5 2. Nf3 Nc6 3. d4 cxd4 4. Nxd4 Nf6 5. Nc3 e5 6. Ndb5 d6 7. Bg5 a6 8.
Na3 b5 9. Bxf6 gxf6 10. Nd5 f5 11. c3 Bg7 12. exf5 Bxf5 13. Nc2 O-O 14. Nce3
Be6 15. g3 Rb8 16. Bg2 Ne7 17. O-O a5 18. Nxe7+ Qxe7 19. Bd5 Rfc8 20. Qd3 Bxd5
21. Qxd5 Qe6 22. Rfd1 Qxd5 23. Rxd5 Bf8 24. Rad1 Rb6 25. R1d3 f6 26. b3 Kf7 27.
c4 Rcb8 28. Kg2 Ke6 29. g4 bxc4 30. bxc4 Ra8 31. a4 Rb4 32. Ra3 Rb2 33. Kf3 Ra6
34. Rb5 Rd2 35. Rb8 Kf7 36. Rb7+ Kg6 37. h4 h5 38. gxh5+ Kxh5 39. Rf7 Bh6 40.
Rxf6 Bxe3 41. Rxe3 Kxh4 42. Rxe5 dxe5 43. Rxa6 Kg5 44. Rxa5 Kf5 45. Rc5 Rd3+
46. Ke2 Ra3 47. a5 Ke4 48. Kd2 Ra2+ 49. Kc3 Rxf2 50. Kb3 Rf8 51. Rc6 Kf5 52.
Kb4 e4 53. Rc5+ Kf4 54. Rc7 Re8 55. Rf7+ Ke5 56. a6 e3 57. a7 e2 58. a8=Q e1=Q+
59. Kc5 Qg1+ 0-1

[Event "NB I. Charousek csoport"]
[Site "Zalaegerszeg"]
[Date "2024.02.18"]
[Round "6.9"]
[White "Lantos, Levente"]
[Black "Forgo, Eva"]
[Result "1/2-1/2"]
[WhiteElo "2078"]
[BlackElo "2065"]
[PlyCount "36"]
[EventDate "2023.10.08"]
[EventType "team-tourn"]
[EventRounds "11"]
[EventCountry "HUN"]
[Source "chess.hu"]
[WhiteTeam "Komloi BSK"]
[BlackTeam "Z.Csuti-Hydrocomp SK"]
[WhiteTeamCountry "HUN"]
[BlackTeamCountry "HUN"]

1. d4 d5 2. c4 c6 3. Nf3 Nf6 4. Nc3 e6 5. cxd5 exd5 6. Bg5 Be7 7. Qc2 h6 8. Bh4
O-O 9. e3 Nbd7 10. Bd3 Re8 11. O-O Ne4 12. Bxe4 Bxh4 13. Bh7+ Kh8 14. Nxh4 Qxh4
15. Bd3 Nf6 16. b4 Bd7 17. a4 Rac8 18. Ne2 Ne4 1/2-1/2

[Event "NB I. Charousek csoport"]
[Site "Zalaegerszeg"]
[Date "2024.02.18"]
[Round "6.12"]
[White "Borocz, Lorinc"]
[Black "Csiszar, Viktoria"]
[Result "1/2-1/2"]
[WhiteElo "1929"]
[BlackElo "1817"]
[PlyCount "31"]
[EventDate "2023.10.08"]
[EventType "team-tourn"]
[EventRounds "11"]
[EventCountry "HUN"]
[Source "chess.hu"]
[WhiteTeam "Z.Csuti-Hydrocomp SK"]
[BlackTeam "Komloi BSK"]
[WhiteTeamCountry "HUN"]
[BlackTeamCountry "HUN"]

1. e4 d5 2. exd5 Nf6 3. d4 Nxd5 4. Nf3 g6 5. c4 Nb6 6. Be3 Bg7 7. Be2 O-O 8.
Nc3 Bg4 9. h3 Bxf3 10. Bxf3 Nc6 11. Bxc6 bxc6 12. Qd3 e5 13. O-O-O exd4 14.
Bxd4 Qg5+ 15. Be3 Qa5 16. c5 1/2-1/2

[Event "NB I. Charousek csoport"]
[Site "Biatorbagy"]
[Date "2024.02.18"]
[Round "6.1"]
[White "Juhasz, Armin"]
[Black "Fogarasi, Tibor"]
[Result "1/2-1/2"]
[WhiteElo "2388"]
[BlackElo "2300"]
[PlyCount "53"]
[EventDate "2023.10.08"]
[EventType "team-tourn"]
[EventRounds "11"]
[EventCountry "HUN"]
[Source "chess.hu"]
[WhiteTeam "MTK Budapest"]
[BlackTeam "Biatorbagy II"]
[WhiteTeamCountry "HUN"]
[BlackTeamCountry "HUN"]

1. Nf3 c5 2. c4 g6 3. e4 Bg7 4. d4 cxd4 5. Nxd4 Nc6 6. Be3 Qb6 7. Nb3 Qd8 8.
Qd2 Nf6 9. f3 d6 10. Nc3 O-O 11. O-O-O Be6 12. Kb1 Ne5 13. Nd5 Nxd5 14. cxd5
Bd7 15. h4 f5 16. h5 fxe4 17. hxg6 hxg6 18. fxe4 Rf7 19. Be2 a5 20. Nd4 a4 21.
a3 Qa5 22. Qxa5 Rxa5 23. Rc1 Ng4 24. Bxg4 Bxg4 25. Rh4 Bd7 26. Rc7 Rf1+ 27. Ka2
1/2-1/2

[Event "NB I. Charousek csoport"]
[Site "Biatorbagy"]
[Date "2024.02.18"]
[Round "6.2"]
[White "Szeberenyi, Adam"]
[Black "Papp, Levente"]
[Result "1/2-1/2"]
[WhiteElo "2259"]
[BlackElo "2340"]
[PlyCount "29"]
[EventDate "2023.10.08"]
[EventType "team-tourn"]
[EventRounds "11"]
[EventCountry "HUN"]
[Source "chess.hu"]
[WhiteTeam "Biatorbagy II"]
[BlackTeam "MTK Budapest"]
[WhiteTeamCountry "HUN"]
[BlackTeamCountry "HUN"]

1. d4 d5 2. c4 e6 3. Nc3 Nf6 4. cxd5 exd5 5. Bg5 Bb4 6. Nf3 h6 7. Bxf6 Qxf6 8.
Qb3 Qb6 9. Rc1 c6 10. a3 Bxc3+ 11. Qxc3 O-O 12. e3 Bf5 13. Ne5 Nd7 14. Nxd7
Bxd7 15. Bd3 1/2-1/2

[Event "NB I. Charousek csoport"]
[Site "Biatorbagy"]
[Date "2024.02.18"]
[Round "6.3"]
[White "Ongut, Tamas Gunes"]
[Black "Csoke, Krisztian"]
[Result "1-0"]
[WhiteElo "2292"]
[BlackElo "2234"]
[PlyCount "63"]
[EventDate "2023.10.08"]
[EventType "team-tourn"]
[EventRounds "11"]
[EventCountry "HUN"]
[Source "chess.hu"]
[WhiteTeam "MTK Budapest"]
[BlackTeam "Biatorbagy II"]
[WhiteTeamCountry "HUN"]
[BlackTeamCountry "HUN"]

1. d4 Nf6 2. c4 e6 3. Nc3 Bb4 4. f3 Qe7 5. a3 Bxc3+ 6. bxc3 e5 7. e4 d6 8. Bd3
Nh5 9. Ne2 O-O 10. h4 f5 11. exf5 exd4 12. Bg5 Qe8 13. g4 Ng3 14. Rh2 h6 15.
Bf4 Nxe2 16. Rxe2 Qd8 17. cxd4 Qxh4+ 18. Kd2 Qf6 19. Qg1 Nc6 20. Re4 Qf7 21. d5
Na5 22. Rb1 Bd7 23. Re6 Bxe6 24. dxe6 Qe8 25. g5 h5 26. Rb5 Qc6 27. Rxa5 Qxf3
28. Qe3 Qg2+ 29. Kc3 Qa2 30. e7 Rfe8 31. f6 gxf6 32. Qe6+ 1-0

[Event "NB I. Charousek csoport"]
[Site "Biatorbagy"]
[Date "2024.02.18"]
[Round "6.4"]
[White "Mincsovics, Miklos"]
[Black "Matyassy, Lazar"]
[Result "0-1"]
[WhiteElo "2231"]
[BlackElo "2176"]
[PlyCount "88"]
[EventDate "2023.10.08"]
[EventType "team-tourn"]
[EventRounds "11"]
[EventCountry "HUN"]
[Source "chess.hu"]
[WhiteTeam "Biatorbagy II"]
[BlackTeam "MTK Budapest"]
[WhiteTeamCountry "HUN"]
[BlackTeamCountry "HUN"]

1. e4 c5 2. Nf3 d6 3. d4 cxd4 4. Nxd4 Nf6 5. Nc3 Nc6 6. Be2 g6 7. Be3 Bg7 8.
Nb3 O-O 9. g4 Be6 10. g5 Nd7 11. Qd2 Rc8 12. f4 Nb6 13. O-O-O Nb4 14. Kb1 Qe8
15. Bd4 Nc4 16. Bxc4 Bxc4 17. Bxg7 Kxg7 18. h4 f6 19. Rdg1 f5 20. Qd4+ Kg8 21.
h5 fxe4 22. hxg6 Qxg6 23. Rh6 Qg7 24. Qxe4 d5 25. Qe6+ Qf7 26. Nd4 Nc6 27. g6
Qxe6 28. gxh7+ Kh8 29. Nxe6 Rf7 30. b3 d4 31. bxc4 dxc3 32. Rgh1 Nd8 33. Ng5
Rxf4 34. Rg6 Nf7 35. Ne6 Rf6 36. Rxf6 exf6 37. a3 Ng5 38. Nxg5 fxg5 39. Rh5 g4
40. c5 Rc7 41. Ka2 g3 42. Rh1 g2 43. Rg1 Rg7 44. Kb3 Kxh7 0-1

[Event "NB I. Charousek csoport"]
[Site "Biatorbagy"]
[Date "2024.02.18"]
[Round "6.5"]
[White "Kovacsy, Barnabas"]
[Black "Szakmary, Domonkos"]
[Result "1-0"]
[WhiteElo "2268"]
[BlackElo "1953"]
[PlyCount "77"]
[EventDate "2023.10.08"]
[EventType "team-tourn"]
[EventRounds "11"]
[EventCountry "HUN"]
[Source "chess.hu"]
[WhiteTeam "MTK Budapest"]
[BlackTeam "Biatorbagy II"]
[WhiteTeamCountry "HUN"]
[BlackTeamCountry "HUN"]

1. e4 c5 2. Nf3 Nc6 3. d4 cxd4 4. Nxd4 e6 5. Nc3 Qc7 6. Qd3 a6 7. Nxc6 bxc6 8.
Qg3 Qxg3 9. hxg3 d5 10. g4 Bb4 11. Bd2 Nf6 12. f3 Bb7 13. a3 Be7 14. Bd3 d4 15.
Ne2 c5 16. c3 e5 17. cxd4 cxd4 18. b4 Rc8 19. Nc1 O-O 20. Nb3 Ra8 21. Ke2 Bc6
22. Na5 Bb5 23. Nc4 Nd7 24. a4 Bxc4 25. Bxc4 Rfc8 26. Rhc1 Nb6 27. Bb3 Kf8 28.
a5 Nd7 29. Bd5 Rxc1 30. Rxc1 Rb8 31. Rc7 Nf6 32. Rb7 Rc8 33. Bb3 Ne8 34. Ra7
Rb8 35. Rxa6 Bxb4 36. Bxb4+ Rxb4 37. Rb6 Rxb6 38. axb6 Nf6 39. Ba4 1-0

[Event "NB I. Charousek csoport"]
[Site "Biatorbagy"]
[Date "2024.02.18"]
[Round "6.6"]
[White "Erdos, Boglarka"]
[Black "Geher, Koppany"]
[Result "1/2-1/2"]
[WhiteElo "2110"]
[BlackElo "2267"]
[PlyCount "161"]
[EventDate "2023.10.08"]
[EventType "team-tourn"]
[EventRounds "11"]
[EventCountry "HUN"]
[Source "chess.hu"]
[WhiteTeam "Biatorbagy II"]
[BlackTeam "MTK Budapest"]
[WhiteTeamCountry "HUN"]
[BlackTeamCountry "HUN"]

1. e4 c5 2. Nf3 e6 3. g3 Nc6 4. Bg2 Nf6 5. Qe2 e5 6. c3 Be7 7. d3 O-O 8. O-O
Re8 9. Nbd2 Bf8 10. Nc4 h6 11. Ne3 d6 12. Nd2 Be6 13. f4 exf4 14. gxf4 d5 15.
e5 Nh7 16. Qf3 d4 17. Nd5 dxc3 18. bxc3 Nxe5 19. fxe5 Ng5 20. Nf6+ gxf6 21. Qg3
c4 22. Ne4 Qxd3 23. Nxf6+ Kh8 24. Be3 Bg7 25. Nxe8 Rxe8 26. Bxg5 Qxg3 27. hxg3
hxg5 28. Rfe1 Rd8 29. Bxb7 Rd3 30. Kg2 Rxc3 31. Rad1 Rc2+ 32. Kf3 g4+ 33. Ke4
Rf2 34. Bd5 Rf3 35. Bxe6 fxe6 36. Rh1+ Kg8 37. Rd8+ Kf7 38. Rd7+ Kg8 39. Rxa7
Rf5 40. Ra5 c3 41. Rc1 Rf3 42. Rc5 Rxg3 43. R5xc3 Rg2 44. R3c2 Rg3 45. Kf4 Ra3
46. Kxg4 Bxe5 47. Re1 Ra5 48. Re4 Kf7 49. a4 Ke7 50. Rc6 Kd7 51. Rb6 Bc7 52.
Rbxe6 Rxa4 53. Re7+ Kd6 54. Rxa4 Kxe7 55. Ra6 Bd6 56. Kf5 Kd7 57. Ke4 Ke6 58.
Rb6 Kd7 59. Kd5 Bf4 60. Rb7+ Kc8 61. Kc6 Kd8 62. Rd7+ Ke8 63. Ra7 Bg3 64. Ra3
Bf4 65. Rf3 Bh2 66. Re3+ Kd8 67. Re2 Bg3 68. Ra2 Bf4 69. Ra8+ Ke7 70. Kd5 Kd7
71. Ra7+ Bc7 72. Rb7 Kd8 73. Ke6 Kc8 74. Rb3 Bf4 75. Ke7 Bh2 76. Rc3+ Bc7 77.
Ke8 Kb7 78. Kd7 Bb8 79. Rb3+ Ka8 80. Kc6 Bh2 81. Ra3+ 1/2-1/2

[Event "NB I. Charousek csoport"]
[Site "Biatorbagy"]
[Date "2024.02.18"]
[Round "6.7"]
[White "Fodor, Balazs"]
[Black "Jamrich, Gyorgy"]
[Result "0-1"]
[WhiteElo "2253"]
[BlackElo "2151"]
[PlyCount "80"]
[EventDate "2023.10.08"]
[EventType "team-tourn"]
[EventRounds "11"]
[EventCountry "HUN"]
[Source "chess.hu"]
[WhiteTeam "MTK Budapest"]
[BlackTeam "Biatorbagy II"]
[WhiteTeamCountry "HUN"]
[BlackTeamCountry "HUN"]

1. Nf3 d5 2. e3 Bg4 3. c4 Bxf3 4. Qxf3 c6 5. b3 Nf6 6. Bb2 e6 7. Nc3 Be7 8. g4
O-O 9. g5 Ne8 10. h4 Nd7 11. Qh3 Nc7 12. cxd5 cxd5 13. d4 a5 14. Bd3 Rb8 15. f4
b5 16. Ne2 a4 17. h5 f5 18. gxf6 Nxf6 19. Qg2 Kh8 20. Kf2 axb3 21. Rag1 Rg8 22.
f5 Bd6 23. axb3 exf5 24. Bxf5 Qe7 25. Rh3 Rbf8 26. Ke1 Ra8 27. Bb1 Ne6 28. Qf3
Bc7 29. Qf5 Raf8 30. Rhh1 Ne4 31. Bxe4 Rxf5 32. Bxf5 Ng5 33. Kd1 Rf8 34. Bc2
Ne4 35. Bxe4 Qxe4 36. Rf1 Qd3+ 37. Kc1 Rc8 38. Nc3 b4 39. Na4 Bf4+ 40. Nc5
Bxe3# 0-1